000
00258nam a22001217a 4500
008
171228b xxu||||| |||| 00| 0 eng d
041
_a
eng
080
_a
82
100
_a
21
101
_a
GJL
245
_a
RENAISSANCE DRAMA
_c
SCHOENBAUM,S
942
_2
udc
_c
BK
999
_c
39552
_d
39552